OPD international total occupancy cost code (Record no. 102134)

MARC details
000 -LEADER
fixed length control field 00733cam a2200205 4500
001 - CONTROL NUMBER
control field J118353
008 - FIXED-LENGTH DATA ELEMENTS--GENERAL INFORMATION
fixed length control field 000000n2001 000 0 eng u
035 ## - SYSTEM CONTROL NUMBER
System control number (Sirsi) u118353
050 ## - LIBRARY OF CONGRESS CALL NUMBER
Classification number 690.25
110 ## - MAIN ENTRY--CORPORATE NAME
Corporate name or jurisdiction name as entry element IPD Occupiers Property Databank
9 (RLIN) 4259
245 ## - TITLE STATEMENT
Title OPD international total occupancy cost code
260 ## - PUBLICATION, DISTRIBUTION, ETC.
Place of publication, distribution, etc. London
Name of publisher, distributor, etc. IPD
Date of publication, distribution, etc. 2001
300 ## - PHYSICAL DESCRIPTION
Extent v,35p.
Dimensions 30cm.
520 ## - SUMMARY, ETC.
Summary, etc. Builds on the "OPD total occupancy cost code" to provide an accepted global set of cost definitions and measurement standards in relation to the occupation of property.
650 ## - SUBJECT ADDED ENTRY--TOPICAL TERM
Topical term or geographic name entry element OCCUPANCY COSTS
650 ## - SUBJECT ADDED ENTRY--TOPICAL TERM
Topical term or geographic name entry element CORPORATE PROPERTY
690 ## - LOCAL SUBJECT ADDED ENTRY--TOPICAL TERM (OCLC, RLIN)
Topical term or geographic name as entry element BUILT ENVIRONMENT-BUILDING COSTS
710 ## - ADDED ENTRY--CORPORATE NAME
Corporate name or jurisdiction name as entry element Investment Property Databank
9 (RLIN) 2288
942 ## - ADDED ENTRY ELEMENTS (KOHA)
Suppress in OPAC 0
Holdings
Withdrawn status Lost status Source of classification or shelving scheme Damaged status Not for loan Home library Current library Shelving location Date acquired Total Checkouts Full call number Barcode Date last seen Date last checked out Copy number Price effective from Koha item type
    Dewey Decimal Classification     London London Folio 11/06/2002 3 F690.24 IPD 30066059 06/08/2019 15/06/2009 1 06/08/2019 Book